Acteurs par lettre : H - Statistiques

Statistiques générales
  • Ce quiz a été pris 89 fois
  • Le résultat moyen est 6 sur 15
Statistiques - réponses
Films / Séries Années Acteurs % Correct
Forrest Gump / la Ligne Verte 1956- Tom Hanks
96%
Spider-Man / Uncharted 1996- Tom Holland
71%
Le Silence des Agneaux / La Faille 1938- Anthony Hopkins
65%
Thor / Avengers 1983- Chris Hemsworth
64%
Le Diable s'habille en Prada / Princesse malgré elle 1982- Anne Hathaway
55%
Venom / Legend 1977- Tom Hardy
48%
Si c'était à refaire / Masculins, féminins 1944-2024 Françoise Hardy
47%
Rain Man / Le Lauréat 1937- Dustin Hoffman
44%
Le Dîner de Cons / Un homme et son chien 1947- Francis Huster
27%
Les Rivières Pourpres 2 / D'où viens tu Johnny ? 1943-2017 Johnny Hallyday
23%
Guerre et Paix / Vacances Romaines 1929-1993 Audrey Hepburn
13%
La Pianiste / Greta 1953- Isabelle Huppert
9%
La Maison de cire / Sexy à tout prix 1981- Paris Hilton
9%
Rocky III / Wrestle Mania 3 1953- Hulk Hogan
8%
Des étoiles plein les yeux / Miss Meadows 1978- Katie Holmes
4%
Aucun quiz correspondant
Distribution des résultats
% des personnes avec chaque résultat
Percentile par nombre de réponses
Votre historique - résultats
Vous n’avez pas pris ce quiz